Cameron tlačí na pílu
Kampaň ministerského predsedu Davida Camerona za reformy, ktoré považuje za podmienku zotrvania Veľkej Británie v Európskej únii. Klesanie príťažlivosti EÚ. Cameron ako reformátor a nie likvidátor hospodárskeho a obchodného spoločenstva krajín strarého svetadielu. Migračná megavlna 2015 a nárast pri...
Gespeichert in:
| 1. Verfasser: | |
|---|---|
| Format: | Buchkapitel |
| Sprache: | Slowakisch |
| Schlagworte: | |
| Tags: |
Keine Tags, Fügen Sie das erste Tag hinzu!
|
MARC
| LEADER | 00000naa a2200000 4500 | ||
|---|---|---|---|
| 001 | 0214945 | ||
| 005 | 20231113104745.1 | ||
| 041 | 0 | |a slo | |
| 044 | |a SK | ||
| 245 | 1 | 0 | |a Cameron tlačí na pílu |c Adrian Peter Pressburg |
| 520 | |a Kampaň ministerského predsedu Davida Camerona za reformy, ktoré považuje za podmienku zotrvania Veľkej Británie v Európskej únii. Klesanie príťažlivosti EÚ. Cameron ako reformátor a nie likvidátor hospodárskeho a obchodného spoločenstva krajín strarého svetadielu. Migračná megavlna 2015 a nárast priaznivcov Brexitu, t.j. odchodu Británie z EÚ. Hľadanie spoločnej reči vo V4. | ||
| 610 | 2 | 0 | |a Európska únia |
| 610 | 2 | 0 | |a Veľká Británia |
| 610 | 2 | 0 | |a integrácia ekonomická medzinárodná |
| 610 | 2 | 0 | |a migrácia nelegálna |
| 610 | 2 | 0 | |a reformy |
| 610 | 2 | 0 | |a Vyšehradská štvorka |
| 100 | 1 | |a Pressburg, Adrian Peter | |